Ancient Greek colonies - Modern name - Statistics

General Stats
  • This quiz has been taken 255 times
    205 since last reset
  • The average score is 9 of 18
Answer Stats
Nowadays Country Greek Greek name in Latin Population Answer % Correct
Libya Τρίπολις Tripolis 1.126.000 Tripoli
96%
Turkey Βυζάντιον Byzantion 14.804.000 Constantinople / Istanbul
93%
Italy Νεάπολις Neapolis 3.115.000 Naples
91%
Egypt Ἀλεξάνδρεια Alexandreia 4.985.000 Alexándreia
90%
France Νίκαια Nicaea 1.004.000 Nice
90%
France Μασσαλία Massalia 3.173.000 Marseille
88%
Italy Κατάνη Catane 313.000 Catania
64%
Lebanon Λαοδίκεια ἡ ἐν Φοινίκῃ Laodicea 2.200.000 Beirut
59%
Bulgaria Οδυσσός Odessa 474.000 Varna
43%
Turkey Καλλίπολη Kallipolis 18.000 Gallipoli / Gelibolu
37%
Italy Κρότων Croton 62.000 Crotone
34%
Romania Τόμις Tomis 426.000 Constanța
33%
Albania Επίδαμνος Epidamnos 300.000 Durrës
31%
Iraq Κόρκυρα Corcyra (Mesopotamia) 850.800 Kirkuk
17%
F.Y.R.O.M. Ηράκλεια Λυγκυστίς Heraclea Lyncestis 105.000 Bitola
15%
Spain Ἑλίκη Helike 230.000 Elche
9%
Turkey Μαγνήσια (του Σιπύλου) Magnesia (ad Sipylum) 356.000 Manisa
8%
Turkey Άμισος Amisos 605.000 Samsun
6%
No matching quizzes found
Score Distribution
Percent of People with Each Score
Percentile by Number Answered
Your Score History
You have not taken this quiz since the last reset